Quelle est (était) la taille de ces personnalités 13 - Statistiques

Statistiques générales
  • Ce quiz a été pris 15 fois
  • Le résultat moyen est 3 sur 20
Statistiques - réponses
Hint Réponse % Correct
Edith Piaf 1,47 m
57%
Claude François 1,70 m
29%
Edouard Philippe 1,94 m
29%
Yolande Moreau 1,72 m
21%
Bernard Tapie 1,77 m
21%
Josiane Balasko 1,61 m
14%
Mike Tison 1,80 m
14%
Gérard Depardieu 1,80 m
14%
Mohamed Ali 1,85 m
14%
Brigitte Macron 1,64 m
7%
Florent Pagny 1,70 m
7%
Bernard Hinault 1,74 m
7%
Clovis Cornillac 1,76 m
7%
Vincent Cassel 1,88 m
7%
Audrey Tautou 1,60 m
0%
Marion Cotillard 1,69 m
0%
Gérard Jugnot 1,70 m
0%
Jean-Claude Van Damme 1,75 m
0%
Marianne James 1,81 m
0%
Lambert Wilson 1,89 m
0%
Aucun quiz correspondant
Distribution des résultats
% des personnes avec chaque résultat
Percentile par nombre de réponses
Votre historique - résultats
Vous n’avez pas pris ce quiz